[Event "Regionalliga Nord 1718 (Women)"]
[Site "Germany"]
[Date "2017.11.19"]
[Round "2.1"]
[White "Glinzner, Alva"]
[Black "Avagyan, Viktoria"]
[Result "1-0"]
[WhiteElo "1630"]
[BlackElo "1147"]
[PlyCount "49"]
[EventDate "2017.10.15"]
[EventType "team-tourn"]
[EventRounds "5"]
[EventCountry "GER"]
[SourceTitle "CBM 183 Extra"]
[Source "ChessBase"]
[SourceDate "2018.04.19"]
[SourceVersion "1"]
[SourceVersionDate "2018.04.19"]
[SourceQuality "1"]
[WhiteTeam "Luebeck (W)"]
[BlackTeam "Wilstermarsch (W)"]
[WhiteTeamCountry "GER"]
[BlackTeamCountry "GER"]

1. e4 e5 2. Nf3 Nf6 3. Nxe5 Qe7 4. Nf3 Nxe4 5. Be2 d5 6. 0-0 Be6 7. Re1 Nd7 8. d3 Nef6 9. Bf4 0-0-0 10. Nc3 Nh5 11. Bg5 f6 12. Nd4 Qf7 13. Nxe6 Re8 14. Bxh5 g6 15. Bg4 h5 16. Bh3 fxg5 17. Nxg5 Rxe1+ 18. Qxe1 Qe7 19. Nxd5 Qxe1+ 20. Rxe1 Bh6 21. Nf7 Bd2 22. Re2 Rf8 23. Ne5 Bh6 24. Nxd7 Rh8 25. Nf8+ 1-0